Statystyki dla sanah - Królowa Dram Final Edition

Kliknij tutaj aby rozwiązać quiz!

Ogólne statystyki

  • Ten quiz został rozwiązany 38 razy
  • Średni wynik to 16 z 25

Statystyki odpowiedzi

piosenka% Poprawnych
Królowa dram
97%
Szampan
90%
Szampan (live for Radio Muzo FM)
90%
Melodia
77%
Cząstka
70%
Idź
67%
Oto cała ja
67%
Koniec
63%
CD1Początek
63%
Proszę
63%
Proszę pana
63%
Siebie zapytasz
63%
Siebie zapytasz (live for Vevo DSCVR)
63%
2/10
60%
Aniołom szepnij to
60%
Koronki
60%
CD2Piękno tej niechcianej
60%
Sama
60%
Invisible Dress (live for Vevo DSCVR)
53%
Łezki me
53%
Solo
53%
To ja a nie inna
50%
róże (demo w domu)
47%
projekt nieznajomy nie kłamie
43%
Pora roku zła
37%

Rozkład punktacji

Percentyl według liczby udzielonych odpowiedzi

Procent ludzi z każdym wynikiem

Twoja historia wyników

Nie rozwiązałeś tego quizu